Metadata and Website Design for Statistical Data Dissemination

Enregistré dans:
Détails bibliographiques
Auteur principal: Hudec, Miroslav, 1969-
Autres auteurs: Büchler, Pavol
Format: Chapitre de livre
Langue:anglais
Tags: Ajouter un tag
Pas de tags, Soyez le premier à ajouter un tag!

MARC

LEADER 00000naa a2200000 4500
001 0196540
005 20240502083459.0
041 0 |a eng 
044 |a RS 
245 1 0 |a Metadata and Website Design for Statistical Data Dissemination  |c Miroslav Hudec, Pavol Büchler 
100 1 |a Hudec, Miroslav, 1969- 
700 1 |a Büchler, Pavol